[Event "Armavia "]
[Site "France -Arménie"]
[Date "2009.06.24"]
[Round "1"]
[White "Sargissian, G."]
[Black "Bauer, C."]
[Result "1/2-1/2"]
[WhiteElo "2660"]
[BlackElo "2605"]
[Time "00:02:29/00:00:17"]

 1. d4 d5 2. c4 dxc4 3. Nf3 Nf6 4. e3 g6 5. Bxc4 Bg7 6. O-O O-O 7. Nc3 c5 8. h3 cxd4 9. exd4 Nc6 10. Re1 b6 11. Ne5 Bb7 12. Ba6 Qc7 13. Nb5 Qc8 14. Bxb7 Qxb7 15. Qf3 Rfc8 16. Bd2 Nd8 17. Qxb7 Nxb7 18. Rac1 Nd5 19. Nc6 a6 20. Nc3 Rxc6 21. Nxd5 Rxc1 22. Nxe7+ Kf8 23. Rxc1 Kxe7 24. Rc7+ Ke8 25. Rxb7 Bxd4 26. Bb4 Bf6 27. Rxb6 Bxb2 28. a4 Bd4 29. Rb7 Ra7 30. Rb8+ Kd7 31. Kf1 Rc7 32. Ke2 Kc6 33. f3 Rb7 34. Rxb7 Kxb7 35. Kd3 Bf6 36. Ke4 Kc6 37. g4 Bb2 38. f4 h5 39. gxh5 f5+ 40. Kd3 gxh5 41. Bf8 Kd5 42. Bh6 Ba3 43. Bg5 Bd6 44. Bh6 Kc5 45. Kc3 Bc7 46. Bg5 Ba5+ 47. Kd3 Kd5 1/2-1/2

[Event "Armavia "]
[Site "France -Arménie"]
[Date "2009.06.24"]
[Round "1"]
[White "Fressinet, L."]
[Black "Petrossian, T."]
[Result "0-1"]
[WhiteElo "2664"]
[BlackElo "2600"]
[Time "00:01:34/00:03:55"]

 1. d4 d5 2. c4 e6 3. Nf3 c5 4. cxd5 exd5 5. g3 Nf6 6. Bg2 Be7 7. O-O O-O 8. Nc3 Nc6 9. Bg5 cxd4 10. Nxd4 h6 11. Bf4 Bg4 12. h3 Bh5 13. Qa4 Qd7 14. Rfd1 Rfd8 15. Rac1 g5 16. Be3 Rac8 17. Nxc6 bxc6 18. Qxa7 Qe6 19. Bc5 Rd7 20. Qa3 Bd8 21. Rd2 Rb7 22. Qa6 Rbb8 23. b4 Nd7 24. Bd4 Ra8 25. Qd3 Ne5 26. Bxe5 Qxe5 27. a4 Bf6 28. a5 Bg6 29. Qf3 Be7 30. Rb2 Rab8 31. a6 Rb6 32. Nxd5 Qxb2 33. Nxe7+ Kg7 34. Qc3+ Qxc3 35. Rxc3 Ra8 36. Rxc6 Raxa6 37. Rxb6 Rxb6 38. Nd5 Rb8 39. e4 f6 40. Kf1 Bf7 41. Ke2 Bxd5 42. exd5 Rxb4 43. g4 Kf8 44. Ke3 Ke7 45. Kf3 Kd6 46. Kg3 Ke5 47. Bf3 Rb3 48. Kg2 Rd3 49. Kg3 Rc3 50. Kg2 Rb3 51. Kg3 Rd3 52. Kg2 Kf4 53. Be2 Rxd5 54. Bc4 Rd2 55. Ba6 Rb2 56. Bc8 Ke4 57. Ba6 Kd4 58. Kf3 Rb3+ 59. Kg2 Kc3 60. h4 Kd2 61. hxg5 hxg5 62. Bc4 Rc3 63. Bd5 Ke1 64. f3 Ke2 65. Kg3 Ke3 66. Be4 Rc1 67. Bb7 Rg1+ 68. Kh2 Kf2 0-1

[Event "Armavia "]
[Site "France -Arménie"]
[Date "2009.06.24"]
[Round "1"]
[White "Lautier, J."]
[Black "Akopian, V."]
[Result "0-1"]
[WhiteElo "2658"]
[BlackElo "2696"]
[Time "00:00:00/00:00:15"]

1. c4 e5 2. Nc3 Nc6 3. Nf3 Nf6 4. g3 Bb4 5. Nd5 Bc5 6. Bg2 d6 7. O-O O-O 8. d3 Nxd5 9. cxd5 Ne7 10. d4 exd4 11. Nxd4 Ng6 12. b3 h5 13. Bb2 h4 14. Qd2 hxg3 15. hxg3 Ne5 16. Rac1 Bb6 17. Nf3 Nxf3+ ( 18. Rd1 Bh3 19. Bf3 Bf5 20. Kg2 f6 21. Rh1 Kf7 22. Qf4 Bg6 23. Be4 Bxe4 24. Qxe4 Qe7 25. Qg4 Rh8 26. e4 Rae8 27. f3 Qd8 28. Rh5 Qc8 29. Qh4 Rxh5 30. Qxh5+ Ke7 31. Qg6 Rg8 32. Rh1 Qe8 33. Qf5 Qf7 34. Rh7 Be3 35. f4 c5 36. dxc6 bxc6 37. Kf3 Bb6 38. g4 d5 39. Ba3+ Kd8 40. e5 c5 41. exf6 Kc7 42. Rxg7 Rxg7 43. Qe5+ Kc6 44. fxg7 d4 45. f5 Kb5 46. Bc1 Qb7+ 47. Kf2 Qf7 48. Qe2 d3 49. Qe5 Ka6 50. Be3 c4 0-1

[Event "Armavia "]
[Site "France -Arménie"]
[Date "2009.06.24"]
[Round "2"]
[White "Fressinet, L."]
[Black "Sargissian, G."]
[Result "1/2-1/2"]
[WhiteElo "2664"]
[BlackElo "2660"]
[Time "00:00:49/00:01:26"]

 1. d4 Nf6 2. Nf3 e6 3. c4 b6 4. g3 Ba6 5. Qa4 Bb7 6. Bg2 c5 7. dxc5 bxc5 8. O-O Be7 9. Nc3 O-O 10. Bf4 Qb6 11. Rfd1 Rd8 12. Rd2 d6 13. Rad1 Ne8 14. g4 Nd7 15. g5 Nf8 16. h4 Bc6 17. Qc2 Qb7 18. Bg3 g6 19. Ne1 Rd7 20. Bxc6 Qxc6 21. Qe4 Rc8 22. Qxc6 Rxc6 23. Nf3 Rb7 24. Ne4 Rbb6 25. Kg2 Nd7 26. e3 f5 27. gxf6 Ndxf6 28. Nfg5 d5 29. cxd5 exd5 30. Nxf6+ Nxf6 31. Be5 Rb4 32. Nf3 Rg4+ 33. Kf1 Re4 34. Rc2 Re6 35. Bf4 Ra6 36. b3 Rb4 37. Be5 Re4 38. Bf4 Kg7 39. Ng5 Rb4 40. Be5 h6 41. Rxd5 Rxh4 42. Rd7 hxg5 43. Rxe7+ Kh6 44. Bxf6 Rxf6 45. Rxa7 Rf5 46. Rc7 Rh1+ 47. Kg2 Ra1 48. a4 Rb1 49. Rb7 g4 50. Rb5 Re5 51. Rbxc5 Rxc5 52. Rxc5 Rxb3 53. Rc4 Kh5 54. Kg3 Rb1 55. a5 Ra1 56. Rc5+ g5 57. e4 Ra3+ 58. Kg2 Ra4 59. e5 Kg6 60. e6 Kf6 61. Kg3 Kxe6 62. Rxg5 Kf6 63. Rb5 Kg6 64. Kg2 Ra1 65. Kg3 Ra4 66. Rb6+ Kf5 67. a6 Ra3+ 68. Kg2 Ra1 69. Rc6 Ke5 1/2-1/2

[Event "Armavia "]
[Site "France -Arménie"]
[Date "2009.06.24"]
[Round "2"]
[White "Petrossian, T."]
[Black "Vachier-Lagrave, M."]
[Result "0-1"]
[WhiteElo "2600"]
[BlackElo "2684"]
[Time "00:00:01/00:01:00"]

1. e4 c5 2. Nc3 a6 3. Nf3 e6 4. d4 cxd4 5. Nxd4 b5 6. Bd3 Bb7 7. O-O Nc6 8. Nxc6 Bxc6 9. Re1 Bc5 10. Qf3 Ne7 11. Qg3 O-O 12. e5 f5 13. exf6 Rxf6 14. Be3 Bxe3 15. Qxe3 Nf5 16. Bxf5 Rxf5 17. Ne2 Qg5 18. Qxg5 Rxg5 19. g3 Rc5 20. c3 Kf7 21. Nf4 Rf5 22. Rad1 Ke7 23. Nd3 Bf3 24. Rd2 Rd5 25. Re5 Rxe5 26. Nxe5 Bd5 27. a3 g5 28. Nd3 a5 29. f4 gxf4 30. Nxf4 Bc6 31. Kf2 Rg8 32. Ke3 Rg5 33. Nd3 d6 34. Rf2 e5 35. b4 a4 36. Nb2 Rg4 37. Rf5 Be4 38. Rf1 Bg6 39. Nd1 d5 40. Kd2 d4 41. Re1 Kd6 42. Nb2 Kd5 43. cxd4 Rxd4+ 44. Kc3 h5 45. Rd1 Rxd1 46. Nxd1 Ke4 47. Kd2 Kf3 48. Nc3 Kf2 49. Nd1+ ( Kh2 50. Kf2 Be4 51. Nc3 Bc6 52. Nd1 Kh3 53. Ne3 Be4 54. Nd1 Kg4 55. Ne3+ Kg5 56. Ke2 Bc6 57. Kd3 Bf3 58. Kd2 Kf6 59. Kd3 Ke6 60. Kc3 Bg4 61. Kd3 Bf5 62. Kc3 Bg6 63. Kd2 Bh7 64. Kc3 Kd6 65. Kd2 e4 66. Ng2 Kd5 67. Nf4+ Kc4 68. Nf6 Ka3 69. Kc3 e3 70. Nd5 e2 71. Kd2 0-1

[Event "Armavia "]
[Site "France -Arménie"]
[Date "2009.06.24"]
[Round "3"]
[White "Petrossian, T."]
[Black "Lautier, J."]
[Result "1/2-1/2"]
[WhiteElo "2600"]
[BlackElo "2658"]
[Time "00:04:43/00:05:25"]

1. e4 c5 2. Nc3 e6 3. f4 d5 4. Bb5+ Bd7 5. exd5 Bxb5 6. Nxb5 a6 7. Nc3 exd5 8. Nf3 Nf6 9. O-O Be7 10. d3 O-O 11. Ne5 Nbd7 12. Qf3 d4 13. Ne2 Qc7 14. Nxd7 Qxd7 15. f5 Rfe8 16. Ng3 Bd6 17. Bg5 Bxg3 18. Qxg3 Nd5 19. f6 g6 20. Qh4 h5 21. Rae1 Rxe1 22. Rxe1 Re8 23. h3 Rxe1+ 24. Qxe1 Qe6 25. Qg3 Nxf6 26. Bxf6 Qxf6 27. Qb8+ Kg7 28. Qxb7 Qf4 29. Qd5 Qc1+ 30. Kh2 Qxc2 31. Qe5+ Kh7 32. Qf4 Kg7 33. Qe5+ Kh7 34. Qf4 1/2-1/2

[Event "Armavia "]
[Site "France -Arménie"]
[Date "2009.06.24"]
[Round "4"]
[White "Bauer, C."]
[Black "Aronian, L."]
[Result "1/2-1/2"]
[WhiteElo "2605"]
[BlackElo "2754"]
[Time "00:01:21/00:04:13"]

 1. e4 e5 2. Nf3 Nc6 3. Bc4 Bc5 4. c3 Nf6 5. d3 a6 6. Bb3 O-O 7. h3 Re8 8. Nbd2 Bf8 9. O-O h6 10. Re1 d6 11. d4 Bd7 12. a3 g6 13. Ba2 Bg7 14. b4 Qc8 15. Bb2 Nh5 16. Nf1 Nf4 17. Bc1 Nxg2 18. Kxg2 Bxh3+ 19. Kg1 exd4 20. cxd4 Bxf1 21. Kxf1 Qh3+ 22. Kg1 g5 23. Bb2 Qg4+ 24. Kh1 Rxe4 25. Nh2 Rxe1+ 26. Qxe1 Qf5 27. Rd1 Kf8 28. Bb1 Qf6 29. Qe3 Re8 30. Qg3 Re2 31. Ng4 Qe7 32. Bc3 Bxd4 33. Bxd4 Re1+ 34. Rxe1 Qxe1+ 35. Qg1 Qxg1+ 36. Kxg1 Nxd4 37. Nxh6 Nb5 38. a4 Nc3 39. Bc2 b5 40. axb5 axb5 41. Bb3 c5 42. bxc5 dxc5 43. Nxf7 c4 44. Bxc4 bxc4 45. Nxg5 Ke7 46. Nf3 1/2-1/2

[Event "Armavia "]
[Site "France -Arménie"]
[Date "2009.06.24"]
[Round "3"]
[White "Akopian, V."]
[Black "Fressinet, L."]
[Result "1/2-1/2"]
[WhiteElo "2696"]
[BlackElo "2664"]
[Time "00:00:42/00:00:26"]

1. e4 e5 2. Nf3 Nc6 3. Bb5 Nf6 4. d3 Bc5 5. c3 O-O 6. Bg5 d6 7. Nbd2 Bb6 8. Nc4 Nb8 9. Nxb6 axb6 10. O-O h6 11. Bh4 Bd7 12. Bc4 Be6 13. Bxe6 fxe6 14. Re1 Nbd7 15. d4 exd4 16. cxd4 Qe8 17. Bg3 Nh5 18. Rc1 Nxg3 19. hxg3 c6 20. d5 cxd5 21. exd5 e5 22. a3 Rc8 23. Qb3 Qf7 24. Rxc8 Rxc8 25. Rd1 Rc5 26. Ne1 b5 27. Nc2 Nf6 28. Nb4 Qh5 29. f3 e4 30. Re1 exf3 31. gxf3 Qh3 32. f4 Ng4 33. Qf3 Rc8 34. Qg2 Qh5 35. Qh1 Qf7 36. Qe4 Nf6 37. Qe6 Re8 38. Qxf7+ Kxf7 39. Rxe8 Kxe8 40. Kf2 Kd7 41. Ke3 Kc7 42. f5 Kb6 43. Nd3 Nxd5+ 44. Kd4 Nf6 45. Nf4 Kc6 46. Ne6 Ne8 47. b4 Kd7 48. Ke4 Ke7 49. Nd4 Nc7 50. g4 Kf6 51. Kf4 Kf7 52. g5 Nd5+ 53. Ke4 Nc7 54. Kf4 Nd5+ 55. Ke4 Nc7 56. Kf4 Nd5+ 1/2-1/2

[Event "Armavia "]
[Site "France -Arménie"]
[Date "2009.06.24"]
[Round "4"]
[White "Sargissian, G."]
[Black "Lautier, J."]
[Result "1/2-1/2"]
[WhiteElo "2660"]
[BlackElo "2658"]
[Time "00:01:48/00:01:41"]

1. d4 d5 2. c4 e6 3. Nc3 Bb4 4. Nf3 Nf6 5. cxd5 exd5 6. Bg5 Nbd7 7. e3 c5 8. Bd3 Qa5 9. Qc2 c4 10. Bf5 O-O 11. O-O Re8 12. Nd2 g6 13. Bh3 Bxc3 14. bxc3 Ne4 15. Nxe4 dxe4 16. Bf4 Nf6 17. Bxc8 Raxc8 18. Be5 Nd5 19. Rfc1 f6 20. Bg3 Qa3 21. Rab1 b6 22. h3 a6 23. Qb2 Qa4 24. Qc2 Qd7 25. a4 g5 26. Qd1 Kg7 27. Qg4 Qxg4 28. hxg4 Kg6 29. Kf1 h5 30. gxh5+ Kxh5 31. Ke2 Kg6 32. Kd2 Rh8 33. Rh1 Rce8 34. Bd6 Kf7 35. Rxh8 Rxh8 36. f3 Re8 37. Re1 Kg6 38. Bg3 Kf5 39. Bf2 Kg6 40. Rh1 Kg7 41. Re1 Kg6 42. Rh1 Kg7 43. Re1 f5 44. fxe4 Rxe4 45. Rh1 Re6 46. Rh5 Kg6 47. Rh8 f4 48. exf4 Nxf4 49. Bg3 Kg7 50. Rb8 Re2+ 51. Kd1 Rxg2 52. Bxf4 ( f3 53. b66 Rc2 54. Ke1 Rxc3 55. Rxa6 Rd3 56. Kf2 1/2-1/2

[Event "Armavia "]
[Site "France -Arménie"]
[Date "2009.06.24"]
[Round "4"]
[White "Bauer, C."]
[Black "Petrossian, T."]
[Result "0-1"]
[WhiteElo "2605"]
[BlackElo "2600"]
[Time "00:00:44/00:00:45"]

 1. d4 d5 2. Bf4 e6 3. e3 c5 4. c3 Bd6 5. Bg3 Nf6 6. Nd2 O-O 7. Ngf3 b6 8. a4 Bb7 9. a5 Qc7 10. Bb5 Nbd7 11. Qa4 Rad8 12. O-O Ne4 13. Nxe4 dxe4 14. Bxd6 Qxd6 15. Nd2 Bd5 16. Bxd7 Qxd7 17. Qxd7 Rxd7 18. axb6 axb6 19. Ra6 cxd4 20. cxd4 Rb8 21. Rc1 Kf8 22. h4 Ke7 23. Nb1 f5 24. Ra4 Rbb7 25. Nc3 Rdc7 26. Rb4 Bc6 27. Kh2 Bd7 28. Kg3 b5 29. Ne2 Rxc1 30. Nxc1 Kd6 31. Ne2 Kc6 32. Nc3 Kb6 33. Kf4 Ka5 34. Rb3 b4 35. Na2 Bc6 36. Ke5 Bd5 37. Rxb4 Rxb4 38. Nxb4 Kxb4 39. Kd6 Kc4 40. h5 Kd3 41. b4 Ke2 42. b5 Kxf2 0-1

[Event "Armavia "]
[Site "France -Arménie"]
[Date "2009.06.24"]
[Round "4"]
[White "Aronian, L."]
[Black "Fressinet, L."]
[Result "1-0"]
[WhiteElo "2754"]
[BlackElo "2664"]
[Time "00:07:07/00:01:38"]

 1. d4 d5 2. c4 c6 3. Nf3 Nf6 4. e3 Bg4 5. h3 Bxf3 6. Qxf3 e6 7. Bd3 Nbd7 8. Nc3 Bd6 9. cxd5 cxd5 10. O-O O-O 11. e4 dxe4 12. Nxe4 Nxe4 13. Qxe4 Nf6 14. Qxb7 Bc7 15. Rd1 Nd5 16. Qa6 Bb6 17. Be4 Rc8 18. Qd3 h6 19. Bd2 Qd6 20. Rac1 Rxc1 21. Rxc1 Rd8 22. Rc4 Nf6 23. Bc3 Nd5 24. Qc2 h5 25. h4 Nf6 26. g3 Nxe4 27. Qxe4 Qe7 28. a4 Rd5 29. Rc8+ Bd8 30. Rc4 Qd7 31. Rc5 Bf6 32. Rxd5 exd5 33. Qf3 Qxa4 34. Qxd5 g6 35. Kg2 Kg7 36. Qc5 a6 37. d5 Qe4+ 38. Kh2 Qf5 39. b4 Bxc3 40. Qxc3+ Kf8 41. Qc5+ Ke8 42. Qa7 Qxd5 43. Qxa6 Qd4 44. Qc8+ Ke7 45. Qb7+ Ke6 46. Kg2 f6 47. Qc6+ Ke5 48. f4+ Kf5 49. Qc8+ Ke4 50. Qc2+ Ke3 51. Qf2+ Kd3 52. Qxd4+ Kxd4 53. f5 1-0

[Event "Armavia"]
[Site "France-Arménie"]
[Date "2009.06.25"]
[Round "5"]
[White "Bauer, C."]
[Black "Sargissian, G."]
[Result "1-0"]
[WhiteElo "2605"]
[BlackElo "2660"]
[Time "00:01:30/00:01:49"]

 1. e4 e5 2. Nf3 Nc6 3. Bc4 Bc5 4. c3 Nf6 5. d3 d6 6. Bb3 Bb6 7. h3 O-O 8. Nbd2 Ne7 9. Nf1 Ng6 10. Ng3 c6 11. O-O Be6 12. Re1 h6 13. Bc2 Qd7 14. d4 Rfe8 15. Be3 Qc7 16. Qd2 Rad8 17. Nf5 Bxf5 18. exf5 Nf8 19. Bxh6 N8h7 20. Be3 Nd5 21. Bb3 Nhf6 22. Bg5 exd4 23. Nxd4 Ne4 24. Bxd8 Qxd8 25. Qd3 Qh4 26. g3 Nf4 27. Qxe4 Nxh3+ 28. Kg2 Qxe4+ 29. Rxe4 Rxe4 30. Kxh3 c5 31. Nb5 1-0

[Event "Armavia"]
[Site "France-Arménie"]
[Date "2009.06.25"]
[Round "5"]
[White "Petrossian, T."]
[Black "Fressinet, L."]
[Result "1-0"]
[WhiteElo "2600"]
[BlackElo "2664"]
[Time "00:01:02/00:00:42"]

 1. e4 e5 2. Nf3 Nc6 3. Bc4 Nf6 4. Ng5 d5 5. exd5 Na5 6. Bb5+ c6 7. dxc6 bxc6 8. Be2 h6 9. Nh3 Bd6 10. d3 O-O 11. O-O Rb8 12. Kh1 Qc7 13. Nc3 c5 14. Ng1 Nc6 15. Bf3 Be6 16. Ne4 Nxe4 17. dxe4 Nd4 18. Bh5 f5 19. c3 Nc6 20. Bf3 f4 21. Bg4 Bf7 22. Nf3 Rfd8 23. Qe2 Be7 24. Nd2 Qd6 25. Nc4 Qg6 26. Bf3 h5 27. b3 Qh7 28. Ba3 g5 29. g4 h4 30. h3 a5 31. Rfd1 a4 32. Rxd8+ Rxd8 33. Rd1 Rxd1+ 34. Qxd1 Be6 35. Nb6 axb3 36. axb3 Bf8 37. Nd5 Qa7 38. Bc1 c4 39. Kg2 Bc5 40. b4 Bxf2 41. b5 Na5 42. Ba3 Nb3 43. Bd6 Bg3 44. b6 Qa2+ 45. Qe2 Qa6 46. Bxe5 Nc1 47. Qb2 Nd3 48. b7 1-0

[Event "Armavia"]
[Site "France-Arménie"]
[Date "2009.06.25"]
[Round "6"]
[White "Sargissian, G."]
[Black "Fressinet, L."]
[Result "1-0"]
[WhiteElo "2660"]
[BlackElo "2664"]
[Time "00:01:14/00:01:43"]

 1. c4 Nf6 2. Nc3 e5 3. Nf3 Nc6 4. g3 Bc5 5. Bg2 d6 6. O-O O-O 7. d3 h6 8. a3 a6 9. b4 Ba7 10. Nd2 Be6 11. Nd5 Bxd5 12. cxd5 Ne7 13. Qb3 Nf5 14. e3 h5 15. Nf3 Re8 16. e4 Nd4 17. Qd1 Qd7 18. Ng5 Qg4 19. Nf3 Nxf3+ 20. Bxf3 Qg6 21. Kg2 Bb6 22. Bd2 a5 23. bxa5 Bxa5 24. Be3 Ng4 25. Bc1 Bb6 26. h3 Nf6 27. Kh2 Bc5 28. a4 Ra7 29. Bg2 h4 30. gxh4 Qh5 31. Qxh5 Nxh5 32. Be3 b6 33. Bf3 Nf6 34. Bxc5 dxc5 35. Rfc1 Rea8 36. Bd1 Ne8 37. Rab1 Nd6 38. f3 g6 39. Rb2 Kg7 40. Rg2 Rh8 41. h5 Kf6 42. hxg6 fxg6 43. Bc2 Rh6 44. Rcg1 Ra8 45. Rg4 Rah8 46. R1g3 Rg8 47. f4 exf4 48. Rxf4+ Ke5 49. Rfg4 Kd4 50. Bb3 Rh5 51. Rf3 Rhh8 52. Rf6 Rf8 53. e5+ Kxe5 54. Re6+ Kf5 55. Bc2 1-0

[Event "Armavia"]
[Site "France-Arménie"]
[Date "2009.06.25"]
[Round "6"]
[White "Aronian, L."]
[Black "Lautier, J."]
[Result "1/2-1/2"]
[WhiteElo "2754"]
[BlackElo "2658"]
[Time "00:06:07/00:00:47"]

 1. d4 Nf6 2. c4 e6 3. Nf3 b6 4. g3 Ba6 5. Qc2 Bb4+ 6. Bd2 Be7 7. e4 d5 8. cxd5 Bxf1 9. Kxf1 exd5 10. e5 Ne4 11. Nc3 Nxd2+ 12. Nxd2 O-O 13. h4 c5 14. Nf3 Nc6 15. Rd1 cxd4 16. Nxd4 Nxe5 17. Nf5 g6 18. Rxd5 Qc7 19. Qe2 Nc6 20. Nh6+ Kg7 21. h5 Rae8 22. Qd2 Ne5 23. Qf4 Qc4+ 24. Qxc4 Nxc4 25. Ng4 f5 26. Ne5 Nxe5 27. Rxe5 Bf6 28. Rb5 Bxc3 29. bxc3 Rc8 30. hxg6 hxg6 31. Rd5 Rf7 32. Rd3 Rc4 33. Kg2 Ra4 34. Re1 Rxa2 35. Re6 Rc2 36. Rdd6 Rxc3 37. Rxg6+ Kf8 38. Rd8+ Ke7 39. Rgg8 Ke6 40. Rg6+ Ke7 41. Rgg8 Kf6 42. Rd6+ Ke5 43. Rgg6 f4 44. g4 Re7 45. Rd1 Rf7 46. Rgd6 Rc5 47. Rd8 Kf6 48. Kf3 Kg7 49. R1d7 Rc3+ 50. Ke4 Rc4+ 51. Kd5 Rc5+ 52. Ke4 Rc4+ 53. Kd5 Rc5+ 54. Ke4 1/2-1/2

[Event "Armavia"]
[Site "France-Arménie"]
[Date "2009.06.25"]
[Round "7"]
[White "Lautier, J."]
[Black "Petrossian, T."]
[Result "0-1"]
[WhiteElo "2648"]
[BlackElo "2600"]
[Time "00:00:53/00:02:39"]

 1. c4 e5 2. Nc3 Nc6 3. Nf3 f5 4. d4 e4 5. Bg5 Nce7 6. Nd2 h6 7. Bxe7 Nxe7 8. e3 g6 9. g4 Bg7 10. gxf5 Nxf5 11. Qg4 Ne7 12. Qxe4 O-O 13. Qg2 d6 14. Bd3 c5 15. O-O-O cxd4 16. exd4 Bf5 17. Bxf5 Rxf5 18. Rhe1 Rc8 19. Qxb7 Nc6 20. Nb3 Rc7 21. Re8+ Qxe8 22. Qxc7 Rxf2 23. Qxd6 Kh7 24. Kb1 a5 25. a3 a4 26. Nc1 Qc8 27. N1e2 Qf5+ 28. Ka2 Qc2 29. Rc1 Qb3+ 30. Kb1 Nxd4 31. Rg1 Qc2+ 0-1

[Event "Armavia"]
[Site "France-Arménie"]
[Date "2009.06.25"]
[Round "7"]
[White "Aronian, L."]
[Black "Bauer, C."]
[Result "1-0"]
[WhiteElo "2754"]
[BlackElo "2605"]
[Time "00:00:40/00:00:22"]

 1. d4 d5 2. c4 dxc4 3. Nf3 Nf6 4. e3 g6 5. Bxc4 Bg7 6. O-O O-O 7. Nc3 c5 8. h3 cxd4 9. exd4 Nc6 10. Re1 Bf5 11. d5 Na5 12. Bf1 Rc8 13. Ne5 a6 14. Qf3 Nd7 15. Bf4 Nb6 16. Bg3 Nac4 17. Nxc4 Nxc4 18. Bxc4 Rxc4 19. Rad1 Qb6 20. Rd2 Rd4 21. Rxd4 Bxd4 22. Re2 Qc5 23. Bh4 Re8 24. Kh2 b5 25. g4 Bd7 26. Ne4 Qc8 27. d6 Be5+ 28. Bg3 Bg7 29. Ng5 f6 30. Ne4 Bc6 31. Qb3+ Kh8 32. dxe7 Bxe4 33. Rxe4 f5 34. gxf5 Qxf5 35. Qe3 Kg8 36. Qb3+ Qf7 37. Re6 Bxb2 38. Kg2 Ba3 39. Bh4 Bc5 40. Qd5 Ba3 41. Qd7 Kg7 42. Re3 Bb2 43. Rf3 Qg8 44. Rf8 1-0

[Event "Armavia"]
[Site "France-Arménie"]
[Date "2009.06.25"]
[Round "8"]
[White "Petrossian, T."]
[Black "Bauer, C."]
[Result "1-0"]
[WhiteElo "2600"]
[BlackElo "2605"]
[Time "00:00:37/00:00:17"]

 1. e4 d5 2. exd5 Qxd5 3. Nc3 Qa5 4. d4 Nf6 5. Nf3 Bf5 6. Bc4 e6 7. Bd2 c6 8. Nh4 Bg6 9. Nxg6 hxg6 10. h3 Nbd7 11. Qe2 Bb4 12. a3 O-O-O 13. O-O Bxc3 14. Bxc3 Qh5 15. Qxh5 Nxh5 16. Rfd1 Nb6 17. Bf1 Nf4 18. b3 g5 19. Bb2 Nbd5 20. c4 Ne7 21. d5 f6 22. dxe6 Rxd1 23. Rxd1 Rd8 24. Rxd8+ Kxd8 25. g3 Nxe6 26. Bd3 Nc8 27. Kg2 Nd6 28. Kf3 Ke7 29. Ke3 a5 30. Kd2 Nc5 31. Bc2 Nce4+ 32. Ke3 Nc5 33. Kd4 Ne6+ 34. Kc3 Nc5 35. f3 Nd7 36. Bc1 Ke6 37. f4 gxf4 38. Bxf4 Ne5 39. g4 g5 40. Be3 a4 41. bxa4 Nexc4 42. Bb3 Kd5 43. Kd3 b5 44. a5 c5 45. a6 Kc6 46. a7 Nb6 47. Be6 Nb7 48. Bf5 Nd6 49. Be6 Ne8 50. Ke4 Nd6+ 51. Kd3 Ne8 52. Bf5 Nd6 53. Bg6 Kd5 54. Bg1 Kc6 55. Bh2 c4+ 56. Kd4 Ndc8 57. Be4+ Kd7 58. a8=Q 1-0